Databases in theory and practice
Αποθηκεύτηκε σε:
| Κύριος συγγραφέας: | |
|---|---|
| Άλλοι συγγραφείς: | |
| Μορφή: | Βιβλίο |
| Γλώσσα: | English |
| Δημοσίευση: |
London ; Boston :
International Thomson Computer Press,
c1997.
|
| Έκδοση: | 2η εκδ. |
| Θέματα: | |
| Ετικέτες: |
Προσθήκη ετικέτας
Δεν υπάρχουν, Καταχωρήστε ετικέτα πρώτοι!
|
MARC
| LEADER | 00000cam a2200000 i 4500 | ||
|---|---|---|---|
| 001 | 1/44996 | ||
| 008 | 980513s1997 enk| ||| |||| ||eng|| | ||
| 020 | |a 1850322880 | ||
| 035 | |l 10042423 | ||
| 040 | |a GR-MyUA |b gre |e AACR2 | ||
| 041 | 0 | |a eng | |
| 082 | 0 | |a 005.74 | |
| 100 | 1 | |a Jones, A. J. |q (Anthony John) | |
| 245 | 1 | 0 | |a Databases in theory and practice / |c John Jones and Simon Monk. |
| 250 | |a 2η εκδ. | ||
| 260 | |a London ; Boston : |b International Thomson Computer Press, |c c1997. | ||
| 300 | |a xii, 244 σ. : |b εικ. ; |c 25 εκ. | ||
| 500 | |a Περιέχει βιβλιογραφικές αναφορές και ευρετήριο. | ||
| 650 | 0 | 0 | |a Database management. |
| 700 | 1 | |a Monk, Simon. | |
| 852 | |a INST |b SAMOS |e 19980610 |h 005.74 JON |p 005300011319 |q 005300011319 |t BK |y 0 | ||
| 852 | |a INST |b SAMOS |e 19980610 |h 005.74 JON |p 005300011320 |q 005300011320 |t BK |y 0 | ||
| 852 | |a INST |b SAMOS |e 19980610 |h 005.74 JON |p 005300011321 |q 005300011321 |t BK |y 0 | ||
| 852 | |a INST |b SAMOS |e 19980513 |h 005.74 JON |p 005300011618 |q 005300011618 |t BK |y 0 | ||
| 901 | |a BIBL-1998-2 | ||
| 909 | |a Σ |b 055669 | ||
| 909 | |a Σ |b 056760 | ||
| 909 | |a Σ |b 056759 | ||
| 909 | |a Σ |b 056758 | ||
| 922 | |a 3ΕΛΗ |b 199804 |c ΚΠΣ |d ΠΑΠΑΣΩΤΗΡΙΟΥ | ||